Cloning of a pathogen inducible B-1,3- glucanase cDNA from Hevea brasiliensis and its over expression in E. coli (Record no. 52948)

MARC details
000 -LEADER
fixed length control field 00630nam a2200157Ia 4500
100 ## - MAIN ENTRY--AUTHOR NAME
Personal name Thanseem I.
245 #0 - TITLE STATEMENT
Title Cloning of a pathogen inducible B-1,3- glucanase cDNA from Hevea brasiliensis and its over expression in E. coli
260 ## - PUBLICATION, DISTRIBUTION, ETC. (IMPRINT)
Name of publisher In: Preprints of Papers. International Natural Rubber Conference, India 2005, 6-8 November 2005, Rubber Research Institute of India, Kottayam, Kerala, India, pp. 475-484.
Year of publication 2005
650 ## - SUBJECT ADDED ENTRY--TOPICAL TERM
Topical Term B-1,3-glucanase
650 ## - SUBJECT ADDED ENTRY--TOPICAL TERM
Topical Term cDNA cloning
650 ## - SUBJECT ADDED ENTRY--TOPICAL TERM
Topical Term Gene expression
700 ## - ADDED ENTRY--PERSONAL NAME
Personal name Joseph A.
700 ## - ADDED ENTRY--PERSONAL NAME
Personal name Thulaseedharan A.
942 ## - ADDED ENTRY ELEMENTS (KOHA)
Koha item type Bibliography STAF
Holdings
Withdrawn status Lost status Damaged status Not for loan Home library Current library Date acquired Koha item type
      Bibliography RRII Library RRII Library 09/04/2014 Bibliography STAF